Представление документа в формате MARC21

ПолеНазваниеЗначение
  Тип записи a
  Библиографический уровень m
001 Контрольный номер RU\infra-m\znanium\bibl\2207059
005 Дата корректировки 20260429142215.7
008 Кодируемые данные 251114s2025 RU g rus u
020 Индекс ISBN __
a ISBN 978-5-16-021064-3
020 Индекс ISBN __
a ISBN 978-5-16-106697-3 (электр. издание)
040 Источник каталогиз. __
a Служба первич. каталог. Общество с ограниченной ответственностью «ЗНАНИУМ»
041 Код языка издания __
a Код языка текста rus
044 Код страны публикации __
a Код страны публикации RU
080 Индекс УДК __
a Индекс УДК 553.98+556(075.8)
084 Индекс другой классификации/Индекс ББК __
2 Источник индекса rubbk
a Индекс другой классификации/Индекс ББК 26.35я73
084 Индекс другой классификации/Индекс ББК __
2 Источник индекса okso
a Индекс другой классификации/Индекс ББК 05.04.01
100 Автор __
a Автор Серебряков О.И.
q Полное имя Серебряков Олег Иванович
u Дополнение Астраханский государственный университет имени В.Н. Татищева
245 Заглавие __
a Заглавие Гидрогеология месторождений нефти и газа
b Продолж. заглавия Учебник
c Ответственность Астраханский государственный университет имени В.Н. Татищева
250 Сведения об издании __
a Основные сведения об издании 1
260 Выходные данные __
a Место издания Москва
b Издательство ООО "Научно-издательский центр ИНФРА-М"
c Дата издания 2026
300 Физическое описание __
a Объем 251 с.
440 Серия __
a Серия Высшее образование
520 Аннотация __
a Аннотация Рассмотрены вопросы курса «Гидрогеология месторождений нефти и газа» который читается студентам геологических специальностей. Излагаются типы вод в минералах и горных породах условия происхождения залегания и движения; формирования химического газового и бактериального составов вод. Приводятся сведения по крупным гидрогеологическим провинциям и характеристика вод отдельных месторождений. Тематический материал сопровождается контрольными вопросами практическими заданиями задачами рисунками тестами и таблицами. Соответствует требованиям федеральных государственных образовательных стандартов высшего образования последнего поколения. Для студентов преподавателей магистрантов обучающихся по специальности 05.04.01 «Геология» аспирантов геологических гидрогеологических и других специальностей а также для работников топливно-энергетического комплекса и производственных гидрогеологических и геологических организаций.
521 Примеч. о цел. назн. __
a Примеч. о целев. назн. ВО - Магистратура
650 Тематические рубрики __
a Основная рубрика Науки о Земле. Экология
x Основная подрубрика Гидрогеология. Геокриология
655 Указ. предметных рубрик (устаревшее) __
a Жанр/ форма (устаревшее) Учебник
700 Другие авторы __
a Другие авторы Ушивцева Л.Ф.
q Полное имя Ушивцева Любовь Франковна
u Дополнение Астраханский государственный университет имени В.Н. Татищева
856 Электронный адрес документа 4_
a Имя сервера/домена znanium.ru
m Помощь ebs_support@infra-m.ru
n Местонахождение сервера НИЦ ИНФРА-М
u URL https://znanium.ru/catalog/document?id=472194
856 Электронный адрес документа 48
a Имя сервера/домена znanium.ru
d Путь /cover/2207
f Электронное имя 2207059.jpg
q Тип электронного формата image/jpeg
u URL https://znanium.ru/cover/2207/2207059.jpg
911 __
u 0030=https://znanium.ru/catalog/document?id=472194